000 00210 a2200097 4500
001 47315
100 _abarclay B
245 _aOn their shoulders
260 _aLondon
_bFaber & Faber
_c
090 _c30352
_d30352
942 _aNUST-CAE
_cM
_c22617
999 _c282388
_d282388